[Event "ICS rated blitz match"]
[Site "204.178.125.65"]
[Date "2000.02.04"]
[Round "?"]
[White "Hossa"]
[Black "Symphony"]
[Result "1/2-1/2"]
[WhiteElo "2384"]
[BlackElo "1987"]
[PlyCount "113"]

1. e4 c5 2. c3 e6 3. d4 Nf6 4. e5 Nd5 5. dxc5 Bxc5 6. c4 Ne7 7. Bf4 Ng6 8. Bg3
Qb6 9. Qd2 Nc6 10. Nf3 Nd4 11. Nc3 Nxf3+ 12. gxf3 h5 13. Na4 Qc7 14. Nxc5 Qxc5
15. b4 Qc6 16. Qe3 b6 17. Bd3 Bb7 18. Be4 Qc7 19. Rd1 Rc8 20. Bxg6 fxg6 21. Rd4
O-O 22. Rg1 Rxf3 23. Qd2 Rf7 24. Qg5 b5 25. c5 a5 26. a3 axb4 27. axb4 Ra8 28.
Qxg6 Ra1+ 29. Rd1 Rxd1+ 30. Kxd1 Bf3+ 31. Ke1 Qc6 32. Qd3 Qd5 33. Kd2 Qa2+ 34.
Qc2 Qd5+ 35. Qd3 Qa2+ 36. Qc2 Qd5+ 37. Qd3 g5 38. h4 g4 39. Qxd5 Bxd5 40. Ra1
Rf3 41. Ra7 Bc6 42. Kc2 Kf7 43. Kb2 Kg6 44. Kc2 Kf5 45. Kb2 Ke4 46. Ra3 Rxa3
47. Kxa3 Kd3 48. Kb3 Bd5+ 49. Kb2 Kc4 50. Ka3 Kc3 51. Bf4 Kd4 52. Kb2 Ke4 53.
Bh2 Kf3 54. Bg3 Ke4 55. Bh2 Kf3 56. Bg3 Ke4 57. Bh2 1/2-1/2

[Event "ICS Rated blitz match"]
[Site "204.178.125.65"]
[Date "2000.02.04"]
[Round "?"]
[White "Hossa"]
[Black "RussianIvan"]
[Result "1-0"]
[WhiteElo "2371"]
[BlackElo "2036"]
[PlyCount "55"]

1. e4 c5 2. c3 d5 3. exd5 Qxd5 4. d4 Nc6 5. Be3 e5 6. c4 Qd8 7. d5 Nd4 8. Nc3
Bd6 9. Bd3 f5 10. a3 Nf6 11. f3 O-O 12. Nge2 b6 13. O-O Qe7 14. Re1 Bd7 15.
Nxd4 cxd4 16. Bxd4 exd4 17. Rxe7 Bxe7 18. Ne2 Rfe8 19. Qd2 a5 20. Nxd4 Bc5 21.
Bf1 Re5 22. Rc1 Rae8 23. b4 axb4 24. axb4 Bf8 25. Ra1 b5 26. f4 Re4 27. cxb5
Nxd5 28. Bc4 1-0

[Event "ICS rated blitz match"]
[Site "204.178.125.65"]
[Date "2000.02.04"]
[Round "?"]
[White "Hossa"]
[Black "KCtan"]
[Result "1-0"]
[WhiteElo "2382"]
[BlackElo "2150"]
[PlyCount "85"]

1. e4 c6 2. d4 Nf6 3. e5 Ng8 4. Nf3 d5 5. exd6 exd6 6. Bd3 Nf6 7. O-O Be7 8.
Re1 O-O 9. Qe2 Re8 10. Bg5 Nbd7 11. c4 h6 12. Be3 Nf8 13. Nc3 Bg4 14. h3 Bh5
15. Rad1 Qd7 16. d5 c5 17. Bc2 Qc7 18. Nb5 Qb6 19. b4 N8d7 20. g4 Bg6 21. Bxg6
fxg6 22. bxc5 Nxc5 23. Bxc5 Qxc5 24. Qe6+ Kh7 25. Rc1 a6 26. Nc3 Qc8 27. Qf7
Bf8 28. Rxe8 Qxe8 29. Qxb7 Qc8 30. Rb1 Qxb7 31. Rxb7 Rc8 32. Nd2 Rc5 33. Ra7
Ra5 34. a4 Rc5 35. Rxa6 g5 36. Nb5 h5 37. Nxd6 hxg4 38. Nf7 gxh3 39. Nxg5+ Kg6
40. Nxh3 Kf5 41. Nf1 Ng4 42. Ng3+ Ke5 43. Re6+ 1-0

[Event "ICS rated standard match"]
[Site "204.178.125.65"]
[Date "2000.02.04"]
[Round "?"]
[White "Hossa"]
[Black "paravion"]
[Result "1-0"]
[WhiteElo "2193"]
[BlackElo "1898"]
[PlyCount "155"]

1. e4 c5 2. c3 d5 3. exd5 Qxd5 4. d4 Nf6 5. Nf3 e6 6. Na3 cxd4 7. Nb5 Qd8 8.
Nbxd4 Bd7 9. Nb5 Bc6 10. Qxd8+ Kxd8 11. Bf4 Bxb5 12. Bxb5 Nc6 13. Rd1+ Ke8 14.
Nd4 Rc8 15. O-O a6 16. Ba4 b5 17. Nxb5 axb5 18. Bxb5 Nd5 19. Bd2 Bc5 20. Rfe1
Ke7 21. a4 Na7 22. Bd3 h6 23. Be4 Rhd8 24. a5 Nf6 25. Bf3 Nb5 26. Re5 Nd6 27.
b3 Nd7 28. Re2 f6 29. b4 Ba7 30. Bd5 Ne5 31. Bb3 Ndc4 32. Bf4 g5 33. Bg3 Rxd1+
34. Bxd1 h5 35. h4 g4 36. Bb3 Nxa5 37. bxa5 Rxc3 38. Bxe5 Rxb3 39. Rc2 Rb1+ 40.
Kh2 Rb7 41. a6 Rd7 42. Bf4 e5 43. Bd2 Ke6 44. Bb4 Kf5 45. Ra2 Ke4 46. Bf8 f5
47. Re2+ Kd5 48. g3 e4 49. Bh6 Kc4 50. Bf4 Kb5 51. Ra2 Rd3 52. Kg2 Rc3 53. Bd2
Rc4 54. Ra5+ Kb6 55. Rxf5 Kxa6 56. Ra5+ Kb6 57. Rxh5 Kc6 58. Ra5 Bb6 59. Ra2
Kd5 60. h5 Rc7 61. Ba5 Bxa5 62. Rxa5+ Kd4 63. Rg5 Rh7 64. Rxg4 Rxh5 65. f3 Re5
66. Rxe4+ Rxe4 67. fxe4 Kxe4 68. Kh3 Kf5 69. Kh4 Kg6 70. Kg4 Kf6 71. Kh5 Kg7
72. Kg5 Kf7 73. Kh6 Kg8 74. g4 Kh8 75. Kg6 Kg8 76. g5 Kh8 77. Kf7 Kh7 78. g6+
1-0

[Event "ICS rated blitz match"]
[Site "204.178.125.65"]
[Date "2000.02.04"]
[Round "?"]
[White "MissSilicon"]
[Black "Hossa"]
[Result "1-0"]
[WhiteElo "2530"]
[BlackElo "2395"]
[PlyCount "59"]

1. e4 c5 2. Nf3 e6 3. d4 cxd4 4. Nxd4 Nc6 5. c4 Qh4 6. Nb5 Qxe4+ 7. Qe2 Qxe2+
8. Bxe2 Nb4 9. O-O Nc2 10. Nc7+ Kd8 11. Nxa8 Nxa1 12. Bd3 b5 13. cxb5 Bc5 14.
Bd2 Bb7 15. Ba5+ Kc8 16. Nc7 Bd4 17. Nd2 d5 18. Rxa1 Bxb2 19. Rb1 Be5 20. Nf3
Bf6 21. Ne8 Kb8 22. Nd6 Nh6 23. b6 Bc6 24. Rc1 axb6 25. Bxb6 Bd7 26. Bc7+ Ka8
27. Rc5 Bc3 28. Rxc3 Bc6 29. Ra3+ Ba4 30. Rxa4# 1-0

[Event "ICS rated blitz match"]
[Site "204.178.125.65"]
[Date "2000.02.04"]
[Round "?"]
[White "Hossa"]
[Black "Amateur"]
[Result "1-0"]
[WhiteElo "2385"]
[BlackElo "2365"]
[PlyCount "77"]

1. e4 e5 2. Nf3 Nf6 3. Nc3 Nc6 4. Bc4 Bb4 5. Nd5 O-O 6. Nxb4 Nxb4 7. d3 d5 8.
exd5 Qe7 9. Qe2 Bg4 10. Bg5 Bxf3 11. gxf3 Rad8 12. Rg1 Nbxd5 13. O-O-O Kh8 14.
Rde1 Rfe8 15. f4 h6 16. Bxf6 Qxf6 17. fxe5 Qf4+ 18. Kb1 b5 19. Bb3 f6 20. e6
Qxh2 21. Qf3 Qd6 22. Qg4 Re7 23. Qf5 a5 24. Qg4 Nb6 25. a3 c5 26. Re2 a4 27.
Ba2 c4 28. Re3 c3 29. Rh1 cxb2 30. Kxb2 Rc7 31. Qg6 Qd4+ 32. Kb1 f5 33. e7 Qb2+
34. Kxb2 Rxc2+ 35. Kxc2 Rc8+ 36. Kd1 Rc1+ 37. Kxc1 Nd7 38. e8=Q+ Nf8 39. Qxf8#
1-0

[Event "ICS rated blitz match"]
[Site "204.178.125.65"]
[Date "2000.02.04"]
[Round "?"]
[White "Amateur"]
[Black "Hossa"]
[Result "1-0"]
[WhiteElo "2350"]
[BlackElo "2400"]
[PlyCount "123"]

1. c4 Nc6 2. Nf3 e5 3. Nc3 Nf6 4. e4 Bc5 5. Bd3 O-O 6. a3 d6 7. h3 Be6 8. Na4
Qd7 9. b4 Bd4 10. Bb2 Bxb2 11. Nxb2 g6 12. b5 Ne7 13. Ng5 a6 14. O-O axb5 15.
Nxe6 fxe6 16. cxb5 d5 17. exd5 exd5 18. Re1 Qd6 19. Qb3 Nd7 20. Be2 Nc5 21. Qc2
Nf5 22. Nd3 Nxd3 23. Qxd3 Nd4 24. Bg4 Qf6 25. Rf1 Rf7 26. a4 Raf8 27. Rab1 Re8
28. a5 h5 29. Bd1 Ra8 30. Qa3 Qf5 31. Qa2 Qd3 32. Bb3 Rd8 33. a6 Ne2+ 34. Kh2
bxa6 35. bxa6 Rf6 36. a7 Ra6 37. Bxd5+ Kg7 38. a8=Q Rdxa8 39. Qc4 Qxc4 40. Bxc4
Ra2 41. Bxe2 Rxd2 42. Bf3 Raa2 43. Rbc1 Rxf2 44. Rxc7+ Kf6 45. Rxf2 Rxf2 46.
Be4 g5 47. Rc6+ Ke7 48. Bf3 h4 49. Rg6 e4 50. Bg4 e3 51. Rxg5 Kf6 52. Rh5 e2
53. Rh6+ Kg5 54. Re6 e1=Q 55. Rxe1 Kf4 56. Re8 Kg5 57. Rg8+ Kf4 58. Rf8+ Ke3
59. Rxf2 Kxf2 60. Bf5 Ke3 61. g3 Kd4 62. gxh4 1-0

[Event "ICS rated blitz match"]
[Site "204.178.125.65"]
[Date "2000.02.04"]
[Round "?"]
[White "Hossa"]
[Black "gambitmaster"]
[Result "0-1"]
[WhiteElo "2382"]
[BlackElo "2489"]
[PlyCount "90"]

1. e4 e6 2. d4 d5 3. Nc3 Bb4 4. a3 Bxc3+ 5. bxc3 dxe4 6. Qg4 Nf6 7. Qxg7 Rg8 8.
Qh6 Nbd7 9. Bg5 c5 10. Ne2 Rg6 11. Qh4 Qb6 12. O-O-O Qa6 13. Kb2 Nd5 14. Nc1 c4
15. Ne2 Qb5+ 16. Kc1 N7b6 17. Be3 Na4 18. Qxh7 Qb2+ 19. Kd2 Naxc3 20. Qh8+ Ke7
21. Qh4+ Kd7 22. Qh7 Rf6 23. Qh4 Nxd1 24. Kxd1 Qxa3 25. Bc1 Qa1 26. Ke1 Qb1 27.
Qxe4 Nb4 28. Kd2 Rxf2 29. Ke3 Rf5 30. Kd2 Nd5 31. g3 Rf2 32. Qh7 Rxe2+ 33. Kxe2
Qxc1 34. Bg2 Qe3+ 35. Kf1 Kd6 36. Bxd5 exd5 37. Kg2 Qe2+ 38. Kg1 Bg4 39. Qh6+
Kd7 40. c3 Qd1+ 41. Kf2 Qf3+ 42. Kg1 Re8 43. Qd2 Bh3 44. Qf2 Qd1+ 45. Qf1 Qxf1#
0-1

[Event "ICS Rated standard match"]
[Site "204.178.125.65"]
[Date "2000.02.04"]
[Round "?"]
[White "Hossa"]
[Black "Beadle"]
[Result "0-1"]
[WhiteElo "2198"]
[BlackElo "2393"]
[PlyCount "68"]

1. e4 Nc6 2. Nf3 e5 3. Bb5 a6 4. Ba4 Nf6 5. O-O Nxe4 6. d4 b5 7. Bb3 d5 8. Nxe5
Nxe5 9. dxe5 c6 10. Be3 Qc7 11. Re1 Bf5 12. Nd2 Be7 13. Nxe4 Bxe4 14. f3 Bf5
15. Qd4 O-O 16. Qf4 Qd7 17. c3 f6 18. exf6 Rxf6 19. Bd4 Bd6 20. Be5 Raf8 21.
Bxd6 Rxd6 22. Qe3 Re6 23. Qb6 Rfe8 24. Rxe6 Rxe6 25. Qxa6 Qe8 26. g4 Bd3 27. h4
Re1+ 28. Rxe1 Qxe1+ 29. Kg2 Bf1+ 30. Kg1 Be2+ 31. Kg2 Qf1+ 32. Kg3 Qxf3+ 33.
Kh2 Qf2+ 34. Kh3 Bf1# 0-1

[Event "ICS Rated standard match"]
[Site "204.178.125.65"]
[Date "2000.02.04"]
[Round "?"]
[White "NoviSad90"]
[Black "Hossa"]
[Result "0-1"]
[WhiteElo "2013"]
[BlackElo "2190"]
[PlyCount "122"]

1. g3 d5 2. Bg2 c6 3. d3 e5 4. Nf3 Bb4+ 5. c3 Bd6 6. e4 Nf6 7. Nbd2 O-O 8. O-O
Bg4 9. h3 Bh5 10. Qb3 Qc7 11. exd5 Nxd5 12. Nc4 Nd7 13. Nxd6 Qxd6 14. Re1 Bxf3
15. Bxf3 Rfe8 16. Qc2 Rad8 17. b4 Qg6 18. Bg2 Qf5 19. a4 N7f6 20. Bb2 g6 21.
Re2 Re7 22. Rae1 Re6 23. a5 Nc7 24. Re3 Nfd5 25. Rf3 Qg5 26. Bc1 Qe7 27. Be3 b6
28. Bd2 bxa5 29. bxa5 Qa3 30. c4 Nb4 31. Bxb4 Qxb4 32. Ra1 Red6 33. Re3 f6 34.
c5 Re6 35. Ra4 Qb5 36. Bf3 Kh8 37. Bg2 a6 38. Ra1 Rd4 39. Ra3 Rb4 40. Re2 Re7
41. Re1 Ne6 42. Qc3 Nd4 43. Raa1 Rb2 44. Kf1 Rd7 45. Rad1 Rc2 46. Qa3 Rb7 47.
Kg1 Qb2 48. Qxb2 Rbxb2 49. Rb1 Rxf2 50. Rxb2 Rxb2 51. Be4 Ra2 52. Rb1 Ne2+ 53.
Kh1 Nxg3+ 54. Kg1 Rxa5 55. Rb8+ Kg7 56. Bxc6 Rxc5 57. Rb7+ Kh6 58. Be8 Ne2+ 59.
Kf2 Nf4 60. Bd7 Rc2+ 61. Ke3 Rc3 0-1

[Event "ICS Rated standard match"]
[Site "204.178.125.65"]
[Date "2000.02.04"]
[Round "?"]
[White "Hossa"]
[Black "kaka"]
[Result "1-0"]
[WhiteElo "2198"]
[BlackElo "2092"]
[PlyCount "69"]

1. e4 c6 2. d4 d5 3. Nc3 dxe4 4. Nxe4 Bf5 5. Ng3 Bg6 6. h4 h6 7. Nf3 Nd7 8. Bd3
Bxd3 9. Qxd3 e6 10. Qb3 Qb6 11. Qxb6 Nxb6 12. Be3 Nf6 13. O-O-O Bd6 14. Ne5 Rf8
15. Rhe1 O-O-O 16. c4 Bxe5 17. dxe5 Ng4 18. Bd4 Nxc4 19. f3 Rxd4 20. Rxd4 Ngxe5
21. b3 c5 22. Rdd1 Nxf3 23. gxf3 Na3 24. Ne4 b6 25. Nd6+ Kc7 26. Kb2 b5 27.
Kxa3 b4+ 28. Kb2 g5 29. hxg5 hxg5 30. Re5 Kb6 31. Nc4+ Kb5 32. Rd6 g4 33. a4+
bxa3+ 34. Nxa3+ Kb4 35. Ra6 1-0

[Event "ICS Rated standard match"]
[Site "204.178.125.65"]
[Date "2000.02.04"]
[Round "?"]
[White "fuegodios"]
[Black "Hossa"]
[Result "1/2-1/2"]
[WhiteElo "2152"]
[BlackElo "2202"]
[PlyCount "50"]

1. c4 e6 2. Nc3 d5 3. d4 Nf6 4. Bg5 Be7 5. Nf3 h6 6. Bh4 g5 7. Bg3 Nh5 8. e3
Nc6 9. Bd3 Nxg3 10. hxg3 g4 11. Ne5 Nxe5 12. dxe5 d4 13. Ne4 dxe3 14. fxe3 Bb4+
15. Kf2 Be7 16. Qe2 h5 17. Rad1 Bd7 18. Qxg4 hxg4 19. Rxh8+ Bf8 20. Nf6+ Ke7
21. Ng8+ Ke8 22. Nf6+ Ke7 23. Ng8+ Ke8 24. Nf6+ Ke7 25. Ng8+ Ke8 1/2-1/2

[Event "ICS Rated blitz match"]
[Site "204.178.125.65"]
[Date "2000.02.04"]
[Round "?"]
[White "Amateur"]
[Black "Hossa"]
[Result "1-0"]
[WhiteElo "2370"]
[BlackElo "2371"]
[PlyCount "105"]

1. d4 Nf6 2. c4 e6 3. Nc3 Bb4 4. e3 c5 5. Nge2 d5 6. cxd5 exd5 7. dxc5 Na6 8.
Nf4 Bxc3+ 9. bxc3 Nxc5 10. Ba3 Ne6 11. Bd3 Qb6 12. Nh5 Nd7 13. O-O g6 14. Ng3
Qc6 15. Rb1 a6 16. Bc2 Ndc5 17. Qf3 O-O 18. Rfd1 Rd8 19. Rb4 b6 20. Rg4 Nc7 21.
Rf4 Be6 22. Rh4 Nd7 23. Bb2 Qb5 24. Rb1 Qa5 25. a4 b5 26. Qf4 bxa4 27. Qh6 Nf6
28. Rxa4 Qc5 29. c4 Nce8 30. Ba3 Ng4 31. Qh4 Qc8 32. c5 Ne5 33. Bb2 Qxc5 34.
Bxe5 Qxc2 35. Qxh7+ Kf8 36. Rab4 Bc8 37. Qh8+ Ke7 38. Qh4+ Kd7 39. Rb6 a5 40.
Qg4+ Ke7 41. Qh4+ Kd7 42. Bf4 g5 43. Qxg5 Qd3 44. Nf5 Qe4 45. Qh5 Qxb1+ 46.
Rxb1 Nd6 47. Nxd6 Kc6 48. Rc1+ Kb6 49. Qxd5 Rxd6 50. Qxd6+ Kb5 51. Qc6+ Kb4 52.
Qb6+ Ka3 53. Ra1# 1-0

[Event "ICS Rated standard match"]
[Site "204.178.125.65"]
[Date "2000.02.04"]
[Round "?"]
[White "Hossa"]
[Black "MM3Quick"]
[Result "1-0"]
[WhiteElo "2200"]
[BlackElo "2252"]
[PlyCount "23"]

1. e4 e6 2. d4 d5 3. Nc3 Bb4 4. a3 Bxc3+ 5. bxc3 dxe4 6. Qg4 Nf6 7. Qxg7 Rg8 8.
Qh6 Qe7 9. Ne2 b6 10. a4 Bb7 11. Ba3 Rg6 12. Qxg6 1-0

[Event "ICS Rated blitz match"]
[Site "204.178.125.65"]
[Date "2000.02.04"]
[Round "?"]
[White "Hossa"]
[Black "Zippy"]
[Result "1-0"]
[WhiteElo "2349"]
[BlackElo "2234"]
[PlyCount "83"]

1. e4 e5 2. Nf3 Nc6 3. d4 exd4 4. Nxd4 Bc5 5. Be3 Qf6 6. c3 Nge7 7. Bc4 Ne5 8.
Nd2 d6 9. Bb5+ c6 10. Be2 Qg6 11. g3 O-O 12. b4 Bb6 13. h4 d5 14. h5 Qf6 15. h6
g6 16. f4 Nd7 17. Qc2 a5 18. e5 Qh8 19. Qa4 Ra7 20. b5 c5 21. N4f3 Nf5 22. Nf1
f6 23. Bc4 Nxe5 24. Nxe5 Ne7 25. Nd3 dxc4 26. Qxc4+ Rf7 27. Bxc5 Bxc5 28. Nxc5
Bg4 29. Ne3 Bf5 30. Rd1 Ra8 31. Nxb7 Nd5 32. Nxf5 gxf5 33. Qxd5 Re8+ 34. Kf2
Kf8 35. Rhe1 Rfe7 36. Rxe7 Rxe7 37. Nd6 Re2+ 38. Kxe2 Qg8 39. Qa8+ Ke7 40. Qxg8
Kd7 41. Qc8+ Ke7 42. Qe8# 1-0

[Event "ICS Rated blitz match"]
[Site "204.178.125.65"]
[Date "2000.02.04"]
[Round "?"]
[White "Zippy"]
[Black "Hossa"]
[Result "1-0"]
[WhiteElo "2223"]
[BlackElo "2360"]
[PlyCount "67"]

1. e4 c5 2. Nf3 d6 3. d4 cxd4 4. Nxd4 Nf6 5. Nc3 a6 6. Be2 e6 7. O-O b5 8. Bg5
b4 9. Nb1 Qa5 10. Bxf6 gxf6 11. c3 bxc3 12. Nxc3 Bh6 13. f4 Qb4 14. Rb1 Bb7 15.
a3 Qb6 16. Kh1 Rg8 17. Bh5 f5 18. Qa4+ Kf8 19. Nxe6+ fxe6 20. Qe8+ Kg7 21. Qxe6
Bxe4 22. Nxe4 fxe4 23. g4 Qd4 24. g5 Bxg5 25. fxg5 Ra7 26. Bf7 Rd8 27. Be8 Rxe8
28. Qxe8 Qg1+ 29. Kxg1 Nd7 30. Rf7+ Kg6 31. Qg8+ Kh5 32. Qxh7+ Kxg5 33. Qf5+
Kh4 34. Rh7# 1-0

[Event "ICS Rated blitz match"]
[Site "204.178.125.65"]
[Date "2000.02.04"]
[Round "?"]
[White "chesssleuth"]
[Black "Hossa"]
[Result "0-1"]
[WhiteElo "2162"]
[BlackElo "2338"]
[PlyCount "50"]

1. e4 c5 2. Nf3 d6 3. Bb5+ Nc6 4. O-O a6 5. Bxc6+ bxc6 6. d3 d5 7. Nc3 Bg4 8.
h3 Bh5 9. g4 Bg6 10. Bf4 Qb6 11. Rb1 e6 12. Ne5 f6 13. Nxg6 hxg6 14. Kg2 g5 15.
Bg3 Be7 16. f4 gxf4 17. Bxf4 g5 18. Bg3 Nh6 19. Qe1 a5 20. Qf2 d4 21. Ne2 Qd8
22. Ng1 Nf7 23. e5 Nxe5 24. Rbe1 Qd5+ 25. Re4 Nc4 0-1

[Event "ICS Rated standard match"]
[Site "204.178.125.65"]
[Date "2000.02.04"]
[Round "?"]
[White "osso"]
[Black "Hossa"]
[Result "0-1"]
[WhiteElo "2191"]
[BlackElo "2218"]
[PlyCount "27"]

1. e4 c5 2. Nf3 d6 3. d4 cxd4 4. Nxd4 Nf6 5. Nc3 Nc6 6. Bg5 e6 7. Qd2 a6 8.
O-O-O Bd7 9. Be2 h6 10. Bh4 Nxe4 11. Nxe4 Qxh4 12. Nxc6 Qxe4 13. Bf3 Qa4 14.
Qb4 0-1

[Event "ICS Rated standard match"]
[Site "204.178.125.65"]
[Date "2000.02.04"]
[Round "?"]
[White "Hossa"]
[Black "LeTiger"]
[Result "0-1"]
[WhiteElo "2222"]
[BlackElo "2465"]
[PlyCount "152"]

1. e4 e5 2. Nf3 Nc6 3. d4 exd4 4. Nxd4 Nf6 5. Nxc6 bxc6 6. Qd4 d5 7. Bg5 Be7 8.
Nc3 O-O 9. Bd3 dxe4 10. Qxd8 Bxd8 11. Bxf6 exd3 12. Bxd8 Re8+ 13. Kd2 Rxd8 14.
cxd3 Bf5 15. Rae1 Bxd3 16. Kc1 Kf8 17. Re3 Rd7 18. Na4 Bb5 19. Nc5 Rd5 20. Rc3
Re8 21. a4 Be2 22. Re1 Re7 23. b4 Rd4 24. Re3 Rxe3 25. fxe3 Rc4+ 26. Kd2 Bg4
27. h3 Bf5 28. Rf1 Bg6 29. Rf4 Rc2+ 30. Kd1 Rxg2 31. Rd4 Bf5 32. h4 Ke7 33. Ke1
h5 34. Na6 Ra2 35. Nb8 Rxa4 36. Nxc6+ Ke6 37. Rf4 Bg6 38. Ke2 Ra6 39. Nd8+ Ke7
40. Nb7 Rc6 41. Kf3 Rc1 42. Rd4 Bf5 43. Kf4 Bc8 44. Na5 Be6 45. e4 Kf6 46. Ke3
a6 47. Rd2 Ke5 48. Rd8 Re1+ 49. Kd3 Kf4 50. Kd2 Rxe4 51. Nc6 Kg3 52. Nd4 Rxh4
53. Ke3 Rg4 54. b5 axb5 55. Nxb5 h4 56. Nxc7 h3 57. Rd1 h2 58. Nb5 f5 59. Nd4
f4+ 60. Ke4 f3+ 61. Kd3 Rxd4+ 62. Kxd4 f2 63. Rc1 Bh3 64. Rc3+ Kh4 65. Rc2 f1=Q
66. Rxh2 Qg1+ 67. Kd5 Qxh2 68. Kd4 g5 69. Kd5 g4 70. Kc5 Qe5+ 71. Kb6 Bf1 72.
Kc6 Bb5+ 73. Kb7 Qc5 74. Kb8 Qc6 75. Ka7 Qc7+ 76. Ka8 Bc6# 0-1

[Event "ICS Rated standard match"]
[Site "204.178.125.65"]
[Date "2000.02.04"]
[Round "?"]
[White "Hossa"]
[Black "SPIKE-1"]
[Result "1/2-1/2"]
[WhiteElo "2221"]
[BlackElo "2626"]
[PlyCount "233"]

1. e4 e5 2. Nf3 Nc6 3. d4 exd4 4. Nxd4 Nf6 5. Nxc6 bxc6 6. Qd4 d5 7. Nc3 Be7 8.
Be2 O-O 9. e5 Nd7 10. f4 Bc5 11. Qa4 Bb7 12. Bd2 Rb8 13. O-O-O a5 14. Nb1 Bb6
15. Qa3 c5 16. Nc3 d4 17. Na4 Bxg2 18. Rhg1 Bd5 19. Nxb6 cxb6 20. Qg3 g6 21.
Bb5 Be6 22. h4 Qe7 23. h5 Bf5 24. hxg6 fxg6 25. Rh1 Qf7 26. Qh4 Rbe8 27. Rdg1
Re7 28. Kb1 Be4 29. Rh3 Rfe8 30. Rg5 Bf5 31. Rhg3 Kh8 32. Bc1 Qf8 33. e6 Bxe6
34. Rxg6 Qf7 35. b3 Bf5 36. Rh6 Re6 37. Rh5 R6e7 38. Rgg5 Be4 39. Kb2 Rf8 40.
Bd2 Bf3 41. Rh6 Be4 42. f5 Re5 43. Qf4 Rfe8 44. Rd6 Nf6 45. Rxb6 Nd7 46. Rd6
Nf6 47. Bxe8 Rxe8 48. Qh4 Nd5 49. f6 c4 50. bxc4 Qb7+ 51. Kc1 Rb8 52. Rd8+ Rxd8
53. Rxd5 Bxd5 54. f7 Bxf7 55. Qf6+ Kg8 56. Qxd8+ Kg7 57. Qxd4+ Kg6 58. Qd3+ Kf6
59. Qxh7 Qf3 60. Qh6+ Ke7 61. Qg5+ Kd7 62. Qb5+ Qc6 63. Qf5+ Be6 64. Qh7+ Kc8
65. Bxa5 Qc5 66. Qh1 Bxc4 67. Qa8+ Kd7 68. Qd8+ Kc6 69. Kb2 Qe5+ 70. Bc3 Qc7
71. Qf6+ Qd6 72. Qh4 Qb8+ 73. Kc1 Qg8 74. a4 Qg1+ 75. Be1 Qe3+ 76. Kb2 Qb6+ 77.
Ka1 Qc5 78. Qf6+ Kb7 79. Qc3 Ka6 80. a5 Kb5 81. Kb1 Bd5 82. Qf6 Be4 83. Bc3 Bd5
84. Qe5 Bb7 85. Qe1 Ka4 86. Qh4+ Kb5 87. Kb2 Bd5 88. Qe1 Ka4 89. Kc1 Bb7 90.
Qh4+ Kb5 91. Qg3 Be4 92. Qb8+ Ka6 93. Qd8 Qa3+ 94. Kd2 Qc5 95. Qf6+ Kb5 96. Qf4
Bb7 97. Kd3 Qc6 98. Qb4+ Ka6 99. Ke3 Ba8 100. Kf4 Qf3+ 101. Ke5 Qd5+ 102. Kf6
Qc6+ 103. Kg7 Qd7+ 104. Kf8 Qd8+ 105. Kf7 Qc7+ 106. Kg6 Qc6+ 107. Kh7 Qc7+ 108.
Kh6 Qc6+ 109. Kh5 Qd5+ 110. Kh4 Qh1+ 111. Kg3 Qg2+ 112. Kh4 Qh1+ 113. Kg5 Qd5+
114. Kh6 Qc6+ 115. Kg5 Qd5+ 116. Kh6 Qc6+ 117. Kg7 1/2-1/2

[Event "ICS rated blitz match"]
[Site "204.178.125.65"]
[Date "2000.02.04"]
[Round "?"]
[White "Hossa"]
[Black "Holzkopp"]
[Result "1-0"]
[WhiteElo "2345"]
[BlackElo "2087"]
[PlyCount "57"]

1. e4 c5 2. Nf3 e6 3. d4 cxd4 4. Nxd4 Nf6 5. Nc3 Bb4 6. e5 Nd5 7. Qg4 O-O 8.
Bh6 g6 9. Bxf8 Qxf8 10. Nde2 Nc6 11. Qg3 f6 12. exf6 Qxf6 13. O-O-O Nxc3 14.
Nxc3 d5 15. Nb5 e5 16. Nc7 Rb8 17. Nxd5 Qf8 18. Nxb4 Qxb4 19. Qb3+ Qxb3 20.
axb3 Bf5 21. c3 Rc8 22. Bc4+ Kg7 23. Rd2 a6 24. Bd5 Na5 25. b4 Nc4 26. Re2 e4
27. Bxb7 Rc7 28. Bxe4 Be6 29. Bxg6 1-0

[Event "ICS rated blitz match"]
[Site "204.178.125.65"]
[Date "2000.02.04"]
[Round "?"]
[White "Holzkopp"]
[Black "Hossa"]
[Result "0-1"]
[WhiteElo "2052"]
[BlackElo "2346"]
[PlyCount "108"]

1. e4 e5 2. Bc4 Nf6 3. Nc3 Nc6 4. d3 Na5 5. f4 Nxc4 6. dxc4 Bb4 7. Qd3 Bxc3+ 8.
bxc3 exf4 9. Bxf4 Qe7 10. e5 Nh5 11. Qf5 g6 12. Qe4 f5 13. Qe3 h6 14. Bxh6 Qh4+
15. g3 Nxg3 16. Qxg3 Rxh6 17. Qxh4 Rxh4 18. Nf3 Rxc4 19. Kd2 Rf4 20. Ke3 Ra4
21. Rhg1 Kf7 22. Ng5+ Kg7 23. Nf3 b6 24. Raf1 Rxa2 25. Nd4 Kf7 26. Kd2 Ra5 27.
Re1 Rd5 28. Ke3 Rxe5+ 29. Kf4 Rxe1 30. Rxe1 Ba6 31. Nf3 Kf6 32. h4 Bc4 33. Rd1
d6 34. Rd4 Be2 35. Ng5 Rh8 36. Kg3 a5 37. Rd2 Re8 38. Kf2 Bb5 39. Rd1 Re2+ 40.
Kg3 Rxc2 41. Re1 Rxc3+ 42. Kh2 Rc4 43. Re6+ Kg7 44. Re7+ Kf8 45. Rh7 Kg8 46.
Rh6 Be8 47. Ne6 Re4 48. Ng5 Re7 49. Kg3 b5 50. Kf4 a4 51. Nf3 Kg7 52. Kg5 a3
53. Nd4 Re4 54. Nb3 Rg4# 0-1

[Event "ICS rated blitz match"]
[Site "204.178.125.65"]
[Date "2000.02.04"]
[Round "?"]
[White "Hossa"]
[Black "QueenMaxima"]
[Result "0-1"]
[WhiteElo "2347"]
[BlackElo "2360"]
[PlyCount "132"]

1. e4 c5 2. Nf3 d6 3. d4 cxd4 4. Nxd4 Nf6 5. Nc3 e6 6. g3 a6 7. Bg2 Qc7 8. O-O
Be7 9. f3 O-O 10. Re1 Qb6 11. Na4 Qc7 12. Be3 b5 13. Nc3 b4 14. Nce2 d5 15.
exd5 Nxd5 16. Bf2 Rd8 17. f4 Bb7 18. Qd3 Nd7 19. Rad1 Rac8 20. Rd2 Nc5 21. Qc4
Nb6 22. Qxb4 Ne4 23. Qa5 Nxd2 24. Bxb7 Qxb7 25. Qxd2 Nc4 26. Qc3 Bb4 27. Qb3
Na5 28. Qd3 Bxe1 29. Bxe1 Qb6 30. g4 Nc6 31. c3 Qxb2 32. Qxa6 Nxd4 33. Nxd4 Ra8
34. Qe2 Qxe2 35. Nxe2 Rd1 36. Kf2 Rxa2 37. c4 Rb1 38. Bc3 Rc1 39. Ke3 Rcc2 40.
Kd4 Rxe2 41. h3 Rh2 42. Bb4 Rxh3 43. g5 Rh1 44. Kc3 Rc1+ 45. Kd4 Rac2 46. Kd3
Rxc4 47. Bd2 R1c2 48. Be1 Rc6 49. Bb4 Rb2 50. Ba5 Rc5 51. Be1 Rd5+ 52. Kc3 Rg2
53. Kb3 Rd3+ 54. Kb4 Rd4+ 55. Kc3 Rd1 56. Bh4 Rh1 57. Kd4 Rxh4 58. Ke3 Rgg4 59.
g6 hxg6 60. Kd3 g5 61. Ke3 Rxf4 62. Kd2 Rf3 63. Ke2 Rhh3 64. Kd2 Rf2+ 65. Ke1
Rhh2 66. Kd1 Rh1# 0-1

[Event "ICS Rated blitz match"]
[Site "204.178.125.65"]
[Date "2000.02.04"]
[Round "?"]
[White "Hossa"]
[Black "KCtan"]
[Result "1-0"]
[WhiteElo "2332"]
[BlackElo "2056"]
[PlyCount "35"]

1. e4 c6 2. d4 d5 3. Nc3 Nf6 4. e5 Ng8 5. Bd3 Nh6 6. Bxh6 gxh6 7. Qf3 Be6 8.
O-O-O Qd7 9. h3 b5 10. Nge2 a5 11. Nf4 Bf5 12. Rhe1 Bxd3 13. e6 fxe6 14. Rxd3
Na6 15. Nxe6 Qd6 16. Qh5+ Kd7 17. Qf5 Ke8 18. Rf3 1-0

[Event "ICS rated blitz match"]
[Site "204.178.125.65"]
[Date "2000.02.04"]
[Round "?"]
[White "Hossa"]
[Black "KCtan"]
[Result "1-0"]
[WhiteElo "2342"]
[BlackElo "2046"]
[PlyCount "47"]

1. e4 c6 2. d4 d5 3. Nc3 dxe4 4. Nxe4 Nf6 5. Nxf6+ gxf6 6. Bd3 Qxd4 7. Nf3 Qb6
8. O-O Bg4 9. b3 Nd7 10. Be3 Qc7 11. h3 Bh5 12. Be2 e6 13. Nd2 Bxe2 14. Qxe2
Bc5 15. Ne4 Bxe3 16. Qxe3 f5 17. Qd4 Rg8 18. Nd6+ Ke7 19. Rad1 c5 20. Qh4+ Kf8
21. Qxh7 Ne5 22. Qh6+ Rg7 23. Qh8+ Rg8 24. Qxe5 1-0

[Event "ICS rated blitz match"]
[Site "204.178.125.65"]
[Date "2000.02.04"]
[Round "?"]
[White "Hossa"]
[Black "star"]
[Result "1/2-1/2"]
[WhiteElo "2347"]
[BlackElo "2527"]
[PlyCount "101"]

1. e4 g6 2. d4 Bg7 3. Nc3 c6 4. Bc4 d6 5. Bg5 b5 6. Bb3 a5 7. a3 a4 8. Ba2 h6
9. Be3 Nf6 10. Nf3 Ng4 11. Bf4 g5 12. Bg3 Nf6 13. Nd2 Qb6 14. e5 dxe5 15. dxe5
Ng4 16. Qf3 Rf8 17. e6 f5 18. h3 f4 19. hxg4 fxg3 20. Qxg3 Qd4 21. Nd1 Rf4 22.
c3 Qf6 23. Qe3 Qg6 24. f3 Rf8 25. Rc1 Kd8 26. Qb6+ Ke8 27. Bd5 cxd5 28. Qxb5+
Nd7 29. Qc6 Kd8 30. Qxd5 Ra6 31. exd7 Bxd7 32. Ne4 Qb6 33. Nc5 Ra7 34. Nxd7
Rxd7 35. Qa8+ Kc7 36. Qxa4 Rf4 37. b4 Rf6 38. c4 Re6+ 39. Kf1 Rd2 40. c5 Qb7
41. Nf2 Ree2 42. Ne4 Qxe4 43. Qa5+ Kc8 44. fxe4 Rf2+ 45. Kg1 Rxg2+ 46. Kf1
Rdf2+ 47. Ke1 Re2+ 48. Kd1 Rd2+ 49. Ke1 Rde2+ 50. Kd1 Rd2+ 51. Ke1 1/2-1/2

[Event "ICS rated blitz match"]
[Site "204.178.125.65"]
[Date "2000.02.04"]
[Round "?"]
[White "cfd"]
[Black "Hossa"]
[Result "1-0"]
[WhiteElo "2068"]
[BlackElo "2355"]
[PlyCount "67"]

1. d4 Nf6 2. Nf3 c5 3. e3 e6 4. Bd3 d5 5. c3 Be7 6. Ne5 O-O 7. f4 cxd4 8. exd4
Qb6 9. Nd2 Bd7 10. Qe2 Bd6 11. O-O Bc8 12. g4 Nc6 13. Kh1 g6 14. g5 Ne8 15.
Ndf3 a5 16. a4 f6 17. gxf6 Rxf6 18. Ng4 Rf8 19. Ng5 Nc7 20. Qg2 Kg7 21. Qh3 h5
22. Ne5 Ne7 23. Ngf3 Bxe5 24. fxe5 Nf5 25. Qg2 Bd7 26. Qg5 Qc6 27. Bd2 Qb6 28.
Nh4 Nxh4 29. Qh6+ Kg8 30. Bxg6 Rxf1+ 31. Rxf1 Nxg6 32. Qxg6+ Kh8 33. Rf7 Bxa4
34. Qh7# 1-0